000 01183nam a2200337 i 4500
003 EG-GICUC
005 20260415120334.0
008 260415s1998 ua ||||fr|||| 00| 0 ara d
017 _a11368
_d1996
020 _a977-04-1836-6
040 _a EG-GICUC
_bara
_c EG-GICUC
_d EG-GICUC
_erda
041 _aara
_hara
082 0 4 _221
_a343
_bا ش . ش
092 0 4 _221
099 _aLaw1 10 343 ا ش . ش 2 end - 1998
100 0 _aاشرف توفيق شمس الدين
_eAuthor.
245 _aشرح قانون توجيه وتنظيم اعمال البناء /
_cاشرف توفيق شمس الدين
250 _aالطبعه الثانيه
264 _aالقاهره :
_bدار النهضه العربيه ,
_c1998.
300 _a280صفحة
_bإيضاحيات، صور، مثيليات ؛
_c24 سم
336 _2rda content
_atext
337 _2rda media
_aComputer
338 _2rda carrier
_aOnline Resource
504 _a. 240-220 ببليوجرافيا: صفحات.
600 _aقانون التوجيه
650 1 _2qrmak
651 1 _2qrmak
856 4 0 _uhttps://fll.law.cu.edu.eg/لآ10-09186/bks/test.pdf
905 _a163
942 _2ddc
_cBK
_e21
_n0
999 _c71042
_d71042